[Event "Chamalieres op"]
[Site "Chamalieres"]
[Date "2009.10.25"]
[Round "2"]
[White "Joli, Laurent"]
[Black "Serafimov, Dimitar"]
[Result "0-1"]
[WhiteElo "1907"]
[BlackElo "2210"]
[PlyCount "52"]
[EventDate "2009.10.24"]
[EventType "swiss"]
[EventRounds "9"]
[EventCountry "FRA"]
[SourceTitle "EXT 2010"]
[Source "ChessBase"]
[SourceDate "2010.11.25"]
[SourceVersion "1"]
[SourceVersionDate "2010.11.25"]
[SourceQuality "1"]

1. d4 d5 2. c4 e6 3. Nc3 Be7 4. Bf4 Nf6 5. Nf3 0-0 6. e3 b6 7. Nd2 Bb7 8. Nb5 Na6 9. a3 c6 10. Nc3 c5 11. Nf3 cxd4 12. Nxd4 Nc5 13. cxd5 Nxd5 14. Nxd5 Qxd5 15. Nf3 Qf5 16. Be2 Rfd8 17. Qb1 Be4 18. Qa2 Nd3+ 19. Bxd3 Bxd3 20. b4 Rac8 21. Qb3 Rc2 22. Nd4 Rxd4 23. exd4 Re2+ 24. Kd1 Bc2+ 25. Kxe2 Bxb3 26. Rhc1 Qxf4 0-1

[Event "Rohde op 08th"]
[Site "Sautron"]
[Date "2008.11.01"]
[Round "9"]
[White "Serafimov, Dimitar"]
[Black "Monroy, Charles"]
[Result "0-1"]
[WhiteElo "2197"]
[BlackElo "2400"]
[PlyCount "90"]
[EventDate "2008.10.25"]
[EventType "swiss"]
[EventRounds "9"]
[EventCountry "FRA"]
[SourceTitle "EXT 2009"]
[Source "ChessBase"]
[SourceDate "2008.11.26"]
[SourceVersion "1"]
[SourceVersionDate "2008.11.26"]
[SourceQuality "1"]

1. c4 e6 2. Nf3 Nf6 3. g3 a6 4. Bg2 b5 5. b3 Bb7 6. 0-0 c5 7. Bb2 Be7 8. cxb5 axb5 9. Nc3 Qb6 10. d4 c4 11. Re1 0-0 12. a3 Nc6 13. b4 d5 14. Qc2 Ne4 15. Rad1 f5 16. e3 Bd6 17. Ne2 Rfc8 18. Nc3 Bxb4 19. axb4 Nxb4 20. Qb1 Nd3 21. Re2 b4 22. Nxe4 fxe4 23. Ne1 Qa6 24. Bf1 Bc6 25. Red2 Bb5 26. Bc1 c3 27. Rc2 Bc4 28. f3 Rf8 29. f4 Rab8 30. Rg2 Nxf4 31. exf4 Bxf1 32. Rf2 Be2 33. Be3 Bxd1 34. Qxd1 b3 35. Qb1 Qc4 36. Kg2 Rfc8 37. f5 exf5 38. Qd1 c2 39. Nxc2 bxc2 40. Qh5 c1Q 41. Bxc1 Qxc1 42. Qxf5 e3 43. Qe6+ Kh8 44. Rf7 Qc2+ 45. Kh3 Qg6 0-1

[Event "Rohde op 08th"]
[Site "Sautron"]
[Date "2008.10.31"]
[Round "8"]
[White "Bailet, Pierre"]
[Black "Serafimov, Dimitar"]
[Result "1/2-1/2"]
[WhiteElo "2306"]
[BlackElo "2197"]
[PlyCount "117"]
[EventDate "2008.10.25"]
[EventType "swiss"]
[EventRounds "9"]
[EventCountry "FRA"]
[SourceTitle "EXT 2009"]
[Source "ChessBase"]
[SourceDate "2008.11.26"]
[SourceVersion "1"]
[SourceVersionDate "2008.11.26"]
[SourceQuality "1"]

1. e4 c6 2. d4 d5 3. e5 Bf5 4. Nf3 e6 5. Be2 a6 6. 0-0 Ne7 7. b3 Nd7 8. Ba3 Bg6 9. c4 c5 10. dxc5 dxc4 11. Nbd2 c3 12. Nc4 Nd5 13. Qd4 Rc8 14. b4 a5 15. bxa5 Rxc5 16. Bxc5 Bxc5 17. Nd6+ Bxd6 18. exd6 0-0 19. Bd3 Qxa5 20. Bxg6 hxg6 21. Ne5 Nxe5 22. Qxe5 Rd8 23. Rab1 b6 24. g3 Qc5 25. Rfc1 Rxd6 26. Rb3 Rc6 27. Rc2 Qc4 28. Qb8+ Rc8 29. Qb7 Rd8 30. Ra3 Qd3 31. Ra8 Rxa8 32. Qxa8+ Kh7 33. Qa4 g5 34. Rc1 g6 35. h4 Qd2 36. Rc2 Qd1+ 37. Kh2 gxh4 38. Qxh4+ Kg7 39. Qe4 Qh5+ 40. Kg2 Qg5 41. a3 Qe7 42. Qe5+ Qf6 43. Qe4 Qf5 44. Qe2 g5 45. Rc1 g4 46. Qc4 Qf3+ 47. Kg1 Kg6 48. Re1 Nf6 49. Re3 Qd1+ 50. Kg2 Qd5+ 51. Qxd5 Nxd5 52. Re4 Kg5 53. Rc4 f5 54. Kf1 Kf6 55. Ke2 Ke5 56. Rc6 Kf6 57. Kd3 Ke7 58. Rc8 Kd7 59. Rf8 1/2-1/2